Izolácia a modifikácia lignínu pomocou biodegradovateľných látok

Saved in:
Bibliographic Details
Main Author: Kalanin, Marek (Author)
Other Authors: Ház, Aleš (Thesis advisor)
Format: Manuscript Book
Language:Slovak
Published: 2024
Subjects:
Online Access:http://is.stuba.sk/zp/portal_zp.pl?podrobnosti=178325
Tags: Add Tag
No Tags, Be the first to tag this record!

MARC

LEADER 00000ntm a22000003a 4500
001 stuzp99394
003 SK-STU
005 20240601210723.5
007 ta
008 150427s2015----xo-----f-mn---000-0-slo-d
040 |a STU  |b slo 
041 0 |a slo 
100 1 |a Kalanin, Marek  |u 049380  |k Z4  |4 aut  |U FCHPT Ústav prírodných a syntetických polymérov  |T FCHPT Oddelenie dreva, celulózy a papiera  |X 104713  |U C9380  |Y 129  |7 104713 
242 0 1 |a Isolation and modification of lignin using biodegradable substances  |y eng 
245 1 0 |a Izolácia a modifikácia lignínu pomocou biodegradovateľných látok 
260 |c 2024 
650 4 |a čierny lúh  |2 slo 
650 4 |a modifikácia  |2 slo 
650 4 |a obnoviteľné zdroje  |2 slo 
650 4 |a lignín  |2 slo 
650 4 |a izolácia lignínu  |2 slo 
650 4 |a lignin  |2 eng 
650 4 |a isolation of lignin  |2 eng 
650 4 |a black liquor  |2 eng 
650 4 |a modification  |2 eng 
650 4 |a renewable resources  |2 eng 
700 1 |a Ház, Aleš  |u 049380  |k Z2  |4 ths  |U FCHPT Ústav prírodných a syntetických polymérov  |T FCHPT Oddelenie dreva, celulózy a papiera  |X 22008  |U C9380  |Y 129  |7 A000022008 
856 4 |u http://is.stuba.sk/zp/portal_zp.pl?podrobnosti=178325